Nákup a jeho řízení

Saved in:
Bibliographic Details
Main Author: Lukoszová, Xenie
Format: Book
Language:Czech
Published: Brno Computer Press 2004
Series:Vysokoškolské učebnice
Subjects:
Tags: Add Tag
No Tags, Be the first to tag this record!

MARC

LEADER 00000nam$a2200000$$$4500
001 0025557
005 20240226134232.7
020 |a 80-251-0174-6 
041 0 |a cze 
044 |a CZ 
245 1 0 |a Nákup a jeho řízení  |c Xenie Lukoszová 
264 1 |a Brno  |b Computer Press  |c 2004 
300 |a 170 s. 
490 1 |a Vysokoškolské učebnice 
830 0 |a Vysokoškolské učebnice 
610 2 0 |a riadenie nákupu 
610 2 0 |a funkcie podniku 
610 2 0 |a nákup 
610 2 0 |a plánovanie 
610 2 0 |a materiál 
610 2 0 |a vzťahy dodávateľsko-odberateľské 
610 2 0 |a marketing nákupný 
610 2 0 |a modely 
610 2 0 |a logistika 
610 2 0 |a systémy informačné 
610 2 0 |a technológie informačné 
610 2 0 |a administratíva 
610 2 0 |a skladovanie 
610 2 0 |a riadenie kvality 
100 1 |a Lukoszová, Xenie